| 000 | 00952nam a2200217 a 4500 | ||
|---|---|---|---|
| 001 | 000045558 | ||
| 003 | DO-SdBNP | ||
| 005 | 20250306140434.0 | ||
| 008 | 150415s1998 dr a 000 0 spa d | ||
| 040 |
_aDO-SdBNP _bspa _cBNPHU |
||
| 082 |
_axxxx _bxxxx |
||
| 110 | 1 |
_aUniversidad Autónoma de Santo Domingo. _bFacultad de Ciencias Económicas y Sociales Unidad de Investigaciones Económicas _973617 |
|
| 245 | 1 | 0 |
_aEvaluación del comportamiento de la economía Dominicana 1997 y sus perspectivas / _cpresentación ; Porfirio García Fernández. |
| 260 |
_aSanto Domingo : _bUniversitaria UASD, _c1998. |
||
| 300 |
_a63 p. : _bil. ; _c20 cm. |
||
| 490 | 1 |
_aPublicaciones de la Universidad Autónoma de Santo Domingo _v871 |
|
| 700 | 1 | 2 |
_aGarcía Fernández, Porfirio, _epres. _917488 |
| 710 | 1 |
_aUniversidad Autónoma de Santo Domingo _972951 |
|
| 830 | 0 |
_aPublicaciones de la Universidad Autónoma de Santo Domingo ; _n871 _973618 |
|
| 942 |
_2ddc _cLBS1 |
||
| 999 |
_c45047 _d45047 |
||